International co-operation and exchange of information related to environmental applications of biotechnology (Registro nro. 11242)

Detalles MARC
000 -CABECERA
Campo de control 005410000a22001330004500
090 ## - CLASIFICACIÓN LOCAL
Colección AR
Consecutivo 02169
041 0# - IDIOMA
Código de idioma para texto/pista de sonido o título separado
100 1# - ASIENTO PRINCIPAL--NOMBRE PERSONAL
Nombre personal Tzotzos, George T.
245 10 - MENCION DE TITULO
Título International co-operation and exchange of information related to environmental applications of biotechnology
650 14 - ASIENTO SECUNDARIO DE MATERIA - TERMINO TEMATICO
Término temático o nombre geográfico como elemento de entrada Biotecnología
650 14 - ASIENTO SECUNDARIO DE MATERIA - TERMINO TEMATICO
Término temático o nombre geográfico como elemento de entrada Riesgo ambiental
773 1# - Item fuente:
Título Transboundary Movement of Living Modified Organisms Resulting from Modern Biotechnology: issues and Opportunities for Policy Makers
Especificación de materiales 1185
Paginas del Articulo 1-3
Lugar, editorial y fecha de publicación 1996
942 ## - ELEMENTOS ADICIONALES (KOHA)
Tipo de ítem Artículo
Existencias
Withdrawn status Lost status Damaged status No para préstamo Colección Ubicación Permanente Ubicación actual Fecha de adquisición Fuente de Valor Datos de publicación Seriada Total Checkouts Número topográfico Inventario / Código de Barras Date last seen Ejemplar Price effective from Forma de adquisición Tipo de material
      No para Préstamo Hemeroteca Bogotá Bogotá 27/02/2015 Academia Colombiana de Ciencias Exactas, Físicas y Naturales Fuera de circulación   AR 02169 012552 25/03/2015 1 25/03/2015   Artículo